000 01478nam a2200373Ia 4500
001 ebr10250448
003 CaPaEBR
006 m u
007 cr cn|||||||||
008 060626s2007 enka sb 001 0 eng d
010 _z 2006021151
020 _z0754649296 (alk. paper)
020 _z9780754649298 (alk. paper)
040 _aCaPaEBR
_cCaPaEBR
035 _a(OCoLC)323324551
050 1 4 _aHT109
_b.E53 2007eb
245 0 0 _aEncountering urban places
_h[electronic resource] :
_bvisual and material performances in the city /
_cedited by Lars Frers and Lars Meier.
260 _aAldershot, England ;
_aBurlington, VT :
_bAshgate,
_cc2007.
300 _axii, 190 p. :
_bill.
490 1 _aRe-materialising cultural geography
504 _aIncludes bibliographical references and index.
533 _aElectronic reproduction.
_bPalo Alto, Calif. :
_cebrary,
_d2009.
_nAvailable via World Wide Web.
_nAccess may be limited to ebrary affiliated libraries.
650 0 _aAesthetics.
650 0 _aCities and towns
_xStudy and teaching.
650 0 _aGroup identity.
650 0 _aPublic spaces
_xSocial aspects.
650 0 _aSpatial behavior.
655 7 _aElectronic books.
_2local
700 1 _aFrers, Lars.
700 1 _aMeier, Lars.
710 2 _aebrary, Inc.
830 0 _aRe-materialising cultural geography.
856 4 0 _uhttp://site.ebrary.com/lib/rucke/Doc?id=10250448
_zAn electronic book accessible through the World Wide Web; click to view
999 _c35685
_d35685